00557cam a22001574a 4500020002800000040000800028082002600036100001800062245004200080250001200122260004600134300004000180856004700220856006600267856006600333 a0813337569 (alk. paper) cDLC00a952 WES 2001 A099 Or.1 aHane, Mikiso.10aModern Japan :ba historical survey / a3rd ed. aBoulder, Colo. :bWestview Press,cc2001. axiv, 554 p. :bill., maps ;c23 cm.42uhttp://www.h-net.org/review/hrev-a0d0b6-aa42uhttp://www.loc.gov/catdir/enhancements/fy0831/00049528-b.html42uhttp://www.loc.gov/catdir/enhancements/fy0831/00049528-d.html